Programa jardín familiar

Salvato in:
Dettagli Bibliografici
Autori principali: Dujovne W., Clara (Autore), Gárate A., Nuri (Autore)
Altri autori: Manhey M., Mónica (autora)
Natura: Libro
Lingua:spagnolo
Pubblicazione: Santiago UNICEF 1992
Serie:Guía Curricular
Soggetti:
Tags: Aggiungi Tag
Nessun Tag, puoi essere il primo ad aggiungerne!!

MARC

LEADER 00000nam a2200000 a 4500
001 UCS4815
003 CL-VaPUC
008 970814e19920000CL |||||||||||||||||spa|d
082 0 4 |a 372.21  |b DUJ  |2 21 
100 0 |a Dujovne W., Clara  |e author  |9 390586 
700 0 |a Gárate A., Nuri  |e author  |9 390587 
700 |a Manhey M., Mónica  |e autora  |9 488265 
245 1 0 |a Programa jardín familiar 
300 |a 95 p 
942 |c BK 
945 |d 19970814 00:00:00  |a rleighto 
260 |a Santiago  |b UNICEF  |c 1992 
650 7 |a JARDIN INFANTIL  |2 CL-VaPUC  |9 308724 
650 0 |a Métodos de enseñanza  |9 270413 
650 0 |a Educación preescolar  |9 260381 
650 0 |a Niños  |9 255605 
650 7 |a MATERIAL DIDACTICO  |2 CL-VaPUC  |9 390589 
583 |a last modification  |c 19970814 00:00:00  |k Rodrigo Vera 
490 0 |a Guía Curricular 
999 |c 261606  |d 261604 
952 |0 0  |1 0  |4 0  |6 372_210000000000000_DUJ_1992  |7 0  |8 A  |9 289216  |a BIBEDU  |b BIBEDU  |c ES_NOD  |d 2019-11-19  |i 3339874  |o 372.21 DUJ 1992  |p 3339874  |r 2023-08-09  |w 2019-11-19  |y BK  |k EDU